| 000 | 01411nam a2200301 a 4500 | ||
|---|---|---|---|
| 001 | BRCA_2367 | ||
| 005 | 20190320203757.0 | ||
| 008 | 061108s1934----sp-#---###---#000-0#spa-u | ||
| 041 | _aspa | ||
| 044 | _asp | ||
| 084 |
_a008 _b.B55 _c1934 F1605 |
||
| 100 | 1 |
_aCervantes Saavedra, Miguel de _d1547-1616 _9213 |
|
| 245 | 1 | 0 |
_aEl Ingenioso Hidalgo Don Quixote de la Mancha _ccompuesto por Miguel de Cervantes Saavedra. |
| 260 |
_aSan Sebastián (España) _bBiblioteca nueva _c1934 |
||
| 300 |
_a1 v. (en varias paginaciones) _c21 cm. |
||
| 500 | _aContenido : Tasa. Testimonio de erratas. Privilegio. Dedicatoria del autor al Duque de Béjar. Prólogo del autor. Versos preliminares. Texto | ||
| 500 | _aFacsímil de : El ingenioso hidalgo Don Quixote de la Mancha. Madrid: Juan de la Cuesta, 1605 | ||
| 500 | _aFacsímil de la primera parte de la edición príncipe, igual al LO-007. Bello ejemplar encuadernado en fina piel parda y adornado con florones y filetes dorados Lúdovik Osterc | ||
| 500 | _aExistencias : Complementa al LO-031 | ||
| 500 | _aQM374 | ||
| 650 | 1 | 4 |
_aNovela española _yÉpoca clásica, 1500-1700 _9215 |
| 650 | 1 | 4 |
_aLiteratura española _yÉpoca clásica, 1500-1700 _9216 |
| 650 | 1 | 4 |
_aNovela española _ySiglo XVII _9217 |
| 650 | 1 | 4 |
_aDon Quijote (Personaje ficticio) _eNovela _9218 |
| 740 | 0 | _aEl Ingenioso Hidalgo Don Quijote de la Mancha | |
| 902 | _aQFM | ||
| 942 |
_2lcc _cB |
||
| 999 |
_c2108 _d2108 |
||